000 01165nam a2200313 4500
001 20323
003 CO-MdFUSB
005 20180622170017.0
008 161011t2013 xxu||||| |||| 00| 0 eng d
020 _a9780800698812
040 _aCO-MdFUSB
_bEspañol
_cCO-MdFUSB
_dCO-MdFUSB
_erda
041 _aeng
082 _224
_aG 262
_bP485w
100 1 _aPeterson, Cheryl M.
_eautor
245 1 0 _aWho is the church? :
_b An ecclesiology for the twenty-first century
_c / Cheryl M. Peterson
264 1 _aMinneapolis :
_bFortress Press,
_c℗[2013]
264 4 _c©2013
300 _a153 páginas
336 _2rdacontent
_a1
_ba1
337 _2rdamedia
_a2
_b5
338 _2rdacarrier
_a2
_b5
504 _aIncluye índices
505 0 0 _aEclesiología y contexto en la América protestante - La iglesia como palabra-evento - La Iglesia como comunión - Eclesiología posterior a la cristiandad (La iglesia misional) - Empezando por el Espíritu - Una eclesiología que se inicia con el Espíritu
540 _aRústico
650 7 _9222
_aIglesias protestantes
650 7 _9416
_aIglesia
_xHistoria de las doctrinas
942 _cBK
999 _c46674
_d46674